[Event "British Columbia op"]
[Site "Victoria CAN"]
[Date "2009.07.25"]
[Round "4"]
[White "Sohal, Tanraj"]
[Black "Van Heirzeele, Daniel"]
[Result "1/2-1/2"]
[WhiteElo "2072"]
[BlackElo "2201"]
[PlyCount "30"]
[GameId "2160767910093553"]
[EventDate "2009.07.24"]
[EventType "swiss"]
[EventRounds "5"]
[EventCountry "CAN"]

1. d4 Nf6 2. c4 e6 3. Nc3 Bb4 4. Qc2 O-O 5. a3 Bxc3+ 6. Qxc3 b5 7. cxb5 c6 8. bxc6 Nxc6 9. e3 Bb7 10. f3 Rc8 11. Qd3 e5 12. Ne2 Re8 13. Kf2 Qb6 14. dxe5 Nxe5 15. Qd4 Rc2 1/2-1/2

[Event "British Columbia op"]
[Site "Victoria CAN"]
[Date "2009.07.25"]
[Round "4"]
[White "Stewart, Deron"]
[Black "McCleary, Reuben"]
[Result "0-1"]
[WhiteElo "1636"]
[BlackElo "1508"]
[PlyCount "96"]
[GameId "2160767910093554"]
[EventDate "2009.07.24"]
[EventType "swiss"]
[EventRounds "5"]
[EventCountry "CAN"]
[SourceTitle "EXT 2011"]
[Source "ChessBase"]
[SourceDate "2011.11.26"]
[SourceVersion "1"]
[SourceVersionDate "2011.11.26"]
[SourceQuality "1"]

1. e4 c5 2. Nf3 e6 3. d4 cxd4 4. Nxd4 Nf6 5. Nc3 Bb4 6. Ndb5 Nxe4 7. Bd2 Nxd2 8. Qxd2 d5 9. a3 Bc5 10. Qf4 Na6 11. b4 Be7 12. Bd3 O-O 13. Nd4 Bf6 14. Nde2 Nc7 15. Qd2 e5 16. Ng3 e4 17. Be2 d4 18. Ncxe4 d3 19. Rd1 dxe2 20. Qxe2 Qe7 21. O-O Be6 22. Rfe1 Rad8 23. Nc5 Rxd1 24. Rxd1 b6 25. Nce4 Rd8 26. Re1 Re8 27. c4 h6 28. c5 Bd5 29. cxb6 axb6 30. Qc2 Bxe4 31. Rxe4 Qd7 32. h3 Rxe4 33. Nxe4 Be5 34. a4 Qd4 35. Nd2 Qa1+ 36. Nb1 Nd5 37. Qc8+ Kh7 38. Qf5+ Kg8 39. Qc8+ Kh7 40. Qf5+ g6 41. Qxf7+ Bg7 42. Kh2 Qxb1 43. Qxd5 Qxb4 44. Qd7 Qf4+ 45. Kg1 Qc1+ 46. Kh2 Qc2 47. f3 Qf5 48. Kg1 Qxd7 0-1

[Event "British Columbia op"]
[Site "Victoria CAN"]
[Date "2009.07.25"]
[Round "4"]
[White "Wang, Jesse BJ"]
[Black "McLaren, Brian"]
[Result "0-1"]
[WhiteElo "2006"]
[BlackElo "2246"]
[PlyCount "68"]
[GameId "2160767910093555"]
[EventDate "2009.07.24"]
[EventType "swiss"]
[EventRounds "5"]
[EventCountry "CAN"]

1. e4 Nf6 2. e5 Nd5 3. Nc3 Nxc3 4. dxc3 d5 5. Bf4 Bf5 6. Qd2 e6 7. Nf3 c6 8. Nd4 Bg6 9. Bd3 Nd7 10. Bxg6 hxg6 11. Bg3 Qb6 12. b3 Be7 13. a3 Rh5 14. Qe2 a5 15. O-O a4 16. b4 Qc7 17. f4 Nb6 18. Qd3 O-O-O 19. Bf2 Rdh8 20. h3 Nc4 21. Nxe6 fxe6 22. Qxg6 Qd7 23. Qxg7 Nd2 24. Rfe1 Ne4 25. Bd4 Qe8 26. Qg4 Qf7 27. Qf3 Qg6 28. Kh2 Bh4 29. Re2 Bg3+ 30. Kg1 Rf8 31. Be3 Rxe5 32. fxe5 Rxf3 33. gxf3 Bf4+ 34. Rg2 Bxe3+ 0-1

[Event "British Columbia op"]
[Site "Victoria CAN"]
[Date "2009.07.25"]
[Round "4"]
[White "Yearwood, Roy"]
[Black "Wu, Howard"]
[Result "1-0"]
[WhiteElo "2079"]
[BlackElo "2254"]
[PlyCount "61"]
[GameId "2160767910093556"]
[EventDate "2009.07.24"]
[EventType "swiss"]
[EventRounds "5"]
[EventCountry "CAN"]
[SourceTitle "EXT 2011"]
[Source "ChessBase"]
[SourceDate "2011.11.26"]
[SourceVersion "1"]
[SourceVersionDate "2011.11.26"]
[SourceQuality "1"]

1. e4 c6 2. Nc3 d5 3. Nf3 dxe4 4. Nxe4 Nd7 5. d4 Ngf6 6. Bd3 Nxe4 7. Bxe4 Nf6 8. Bd3 Bg4 9. c3 e6 10. h3 Bh5 11. Bf4 Nd5 12. Bh2 Bd6 13. Be2 Bxh2 14. Nxh2 Bxe2 15. Qxe2 Qg5 16. O-O Nf4 17. Qf3 h5 18. Rae1 O-O-O 19. Re4 Nd5 20. Qxf7 Rhf8 21. Qxe6+ Rd7 22. h4 Qd2 23. Re2 Qd3 24. Qe4 Qc4 25. Nf3 Qxa2 26. Ne5 Re7 27. g3 Qa6 28. Rfe1 Rf6 29. Qh7 Rh6 30. Qg8+ Kc7 31. Nf7 1-0

[Event "British Columbia op"]
[Site "Victoria CAN"]
[Date "2009.07.26"]
[Round "5"]
[White "Aquino, Manfrei"]
[Black "Forman, Ken"]
[Result "1/2-1/2"]
[WhiteElo "1928"]
[BlackElo "1788"]
[PlyCount "104"]
[GameId "2160767910093557"]
[EventDate "2009.07.24"]
[EventType "swiss"]
[EventRounds "5"]
[EventCountry "CAN"]
[SourceTitle "EXT 2011"]
[Source "ChessBase"]
[SourceDate "2011.11.26"]
[SourceVersion "1"]
[SourceVersionDate "2011.11.26"]
[SourceQuality "1"]

1. d4 Nf6 2. c4 g6 3. Nc3 Bg7 4. e4 d6 5. f3 Nbd7 6. Be3 O-O 7. Qd2 Re8 8. O-O-O b6 9. g4 Bb7 10. Nge2 c5 11. h4 Rc8 12. h5 cxd4 13. Nxd4 Ne5 14. hxg6 Nxc4 15. gxh7+ Kh8 16. Bxc4 Rxc4 17. Nf5 Nxe4 18. fxe4 Bxe4 19. Nxg7 Kxg7 20. Bh6+ Kh8 21. Qg5 Bg6 22. Rdf1 Qc8 23. Rhg1 Rxc3+ 24. bxc3 Qxc3+ 25. Kd1 Bc2+ 26. Ke2 Bd3+ 27. Kf2 Bxf1 28. Rxf1 Qc5+ 29. Kg3 Qxg5 30. Bxg5 f6 31. Bxf6+ Kxh7 32. Re1 e5 33. Rd1 Re6 34. Bd8 e4 35. Kf2 e3+ 36. Ke2 Kg6 37. Rd3 Re4 38. Rxd6+ Kf7 39. Rd7+ Ke8 40. Re7+ Rxe7 41. Bxe7 Kxe7 42. Kxe3 Kf6 43. Kd4 Kg5 44. Kc4 a6 45. Kd5 b5 46. Kc5 Kxg4 47. Kb6 b4 48. Kxa6 Kf5 49. Kb5 Ke6 50. Kxb4 Kd7 51. Kb5 Kc7 52. Ka6 Kb8 1/2-1/2

[Event "British Columbia op"]
[Site "Victoria CAN"]
[Date "2009.07.26"]
[Round "5"]
[White "Aykroyd, Colin"]
[Black "Cao, Jason"]
[Result "1-0"]
[WhiteElo "1986"]
[BlackElo "1032"]
[PlyCount "66"]
[GameId "2160767910093558"]
[EventDate "2009.07.24"]
[EventType "swiss"]
[EventRounds "5"]
[EventCountry "CAN"]
[SourceTitle "EXT 2011"]
[Source "ChessBase"]
[SourceDate "2011.11.26"]
[SourceVersion "1"]
[SourceVersionDate "2011.11.26"]
[SourceQuality "1"]

1. e4 e6 2. d4 d5 3. Nd2 Nf6 4. e5 Nfd7 5. f4 c5 6. c3 Nc6 7. Ndf3 Qb6 8. a3 cxd4 9. cxd4 Qa5+ 10. Kf2 Be7 11. g3 O-O 12. Kg2 Qc7 13. Bd3 b6 14. h4 h6 15. b4 Bb7 16. Bd2 Rac8 17. Qb1 f5 18. Ne2 Kf7 19. Ra2 Ke8 20. Rc2 Qd8 21. g4 g6 22. h5 Rg8 23. hxg6 Rxg6 24. Kf2 Rxg4 25. Rxh6 Bh4+ 26. Ke3 Kf7 27. Qh1 Be7 28. Qh5+ Kf8 29. Rxe6 Rg7 30. Bxf5 Qe8 31. Rh6 Rd8 32. Rh8+ Rg8 33. Qh6+ Kf7 1-0

[Event "British Columbia op"]
[Site "Victoria CAN"]
[Date "2009.07.26"]
[Round "5"]
[White "Chen, Howard"]
[Black "Gaciu, Vlad"]
[Result "1-0"]
[WhiteElo "2192"]
[BlackElo "1968"]
[PlyCount "89"]
[GameId "2160767910093559"]
[EventDate "2009.07.24"]
[EventType "swiss"]
[EventRounds "5"]
[EventCountry "CAN"]
[SourceTitle "EXT 2011"]
[Source "ChessBase"]
[SourceDate "2011.11.26"]
[SourceVersion "1"]
[SourceVersionDate "2011.11.26"]
[SourceQuality "1"]

1. e4 d6 2. d4 Nf6 3. Nc3 g6 4. Be3 c6 5. Qd2 b5 6. Bd3 Nbd7 7. Nf3 Qc7 8. h3 Nb6 9. O-O b4 10. Ne2 a5 11. c4 bxc3 12. Qxc3 Bg7 13. Rac1 Bd7 14. Qd2 h5 15. Rc2 Ng8 16. Rfc1 Qb7 17. Nf4 e6 18. e5 d5 19. Ng5 Ne7 20. Qe2 Bh6 21. h4 Bxg5 22. hxg5 Qa7 23. Qf3 Rf8 24. Bd2 Bc8 25. Rc5 a4 26. Bb4 Bb7 27. R5c2 Nd7 28. Ne2 Rh8 29. Ba3 Qb6 30. Qf4 Nc8 31. Qd2 Qd8 32. Bb4 Ndb6 33. Qf4 Nd7 34. a3 Qb6 35. Nc3 Qa7 36. Nxd5 cxd5 37. Bb5 Ba6 38. Bxd7+ Qxd7 39. Rc7 Rh7 40. Rxd7 Kxd7 41. Rc5 Nb6 42. Qf6 Rc8 43. Ra5 Bd3 44. Qe7+ Kc6 45. Rc5# 1-0

[Event "British Columbia op"]
[Site "Victoria CAN"]
[Date "2009.07.26"]
[Round "5"]
[White "Cruden, Neil B"]
[Black "Roback, Joe"]
[Result "0-1"]
[WhiteElo "1908"]
[BlackElo "1685"]
[PlyCount "58"]
[GameId "2160767910093560"]
[EventDate "2009.07.24"]
[EventType "swiss"]
[EventRounds "5"]
[EventCountry "CAN"]
[SourceTitle "EXT 2011"]
[Source "ChessBase"]
[SourceDate "2011.11.26"]
[SourceVersion "1"]
[SourceVersionDate "2011.11.26"]
[SourceQuality "1"]

1. e4 c5 2. c3 Nf6 3. e5 Nd5 4. d4 e6 5. c4 Nb6 6. d5 d6 7. exd6 Bxd6 8. Nf3 O-O 9. dxe6 Bxe6 10. Na3 Re8 11. Be3 Nc6 12. Be2 Qe7 13. O-O Rad8 14. Qe1 Nd4 15. Rc1 Nf5 16. Bg5 f6 17. Bd2 Nd7 18. Bc3 Nf8 19. Bd1 Qf7 20. Qe4 Bc8 21. Qb1 Qh5 22. h3 Nh4 23. Bd2 Nxg2 24. Ng5 Qh6 25. Kxg2 fxg5 26. Rh1 Ng6 27. Bg4 Bd7 28. Bxd7 Rxd7 29. Qf5 Nh4+ 0-1

[Event "British Columbia op"]
[Site "Victoria CAN"]
[Date "2009.07.26"]
[Round "5"]
[White "Diemecke, Pablo"]
[Black "Leblanc, Paul"]
[Result "1/2-1/2"]
[WhiteElo "1840"]
[BlackElo "1930"]
[PlyCount "128"]
[GameId "2160767910093561"]
[EventDate "2009.07.24"]
[EventType "swiss"]
[EventRounds "5"]
[EventCountry "CAN"]
[SourceTitle "EXT 2011"]
[Source "ChessBase"]
[SourceDate "2011.11.26"]
[SourceVersion "1"]
[SourceVersionDate "2011.11.26"]
[SourceQuality "1"]

1. e4 c6 2. d4 d5 3. e5 Bf5 4. Nf3 e6 5. Be2 c5 6. c4 dxc4 7. Bxc4 Nc6 8. d5 exd5 9. Bxd5 Nge7 10. Nc3 Nxd5 11. Qxd5 Nb4 12. Qxd8+ Rxd8 13. O-O Be7 14. Bf4 O-O 15. Rad1 Nd3 16. Bc1 Bg4 17. Be3 Bxf3 18. gxf3 Nxe5 19. Kg2 b6 20. Nb5 a6 21. Nc7 Bf6 22. Nd5 Rd6 23. Bf4 Rfd8 24. Nxf6+ gxf6 25. Rxd6 Rxd6 26. Re1 Rd5 27. Bh6 Rd8 28. b3 c4 29. bxc4 Nxc4 30. Re4 Ne5 31. Re1 b5 32. Rc1 a5 33. h4 b4 34. h5 a4 35. Rb1 Rb8 36. Kg3 b3 37. axb3 Rxb3 38. Rc1 Rb8 39. Ra1 Ra8 40. Kf4 a3 41. Rg1+ Ng6+ 42. hxg6 fxg6 43. Ke4 a2 44. Ra1 Ra4+ 45. Ke3 Kf7 46. Bf4 Ke6 47. Bc7 h5 48. Bg3 g5 49. Bc7 f5 50. f4 g4 51. Bd8 Kd5 52. Bf6 Ra3+ 53. Ke2 Ke4 54. Be7 Ra6 55. Bg5 h4 56. Bxh4 Kxf4 57. Bd8 Ke4 58. Bc7 f4 59. Kd2 Kf3 60. Be5 Kxf2 61. Bxf4 g3 62. Be3+ Kg2 63. Bc5 Kf3 64. Bd4 Ra3 1/2-1/2

[Event "British Columbia op"]
[Site "Victoria CAN"]
[Date "2009.07.26"]
[Round "5"]
[White "Edgar, Garth"]
[Black "Stewart, Deron"]
[Result "0-1"]
[WhiteElo "1130"]
[BlackElo "1636"]
[PlyCount "91"]
[GameId "2160767910093562"]
[EventDate "2009.07.24"]
[EventType "swiss"]
[EventRounds "5"]
[EventCountry "CAN"]
[SourceTitle "EXT 2011"]
[Source "ChessBase"]
[SourceDate "2011.11.26"]
[SourceVersion "1"]
[SourceVersionDate "2011.11.26"]
[SourceQuality "1"]

1. d4 Nf6 2. b3 d5 3. Bb2 e6 4. e3 Be7 5. Nf3 O-O 6. Be2 b6 7. O-O c5 8. c4 Bb7 9. Nbd2 Nbd7 10. Qc2 Qc7 11. Bd3 h6 12. e4 dxe4 13. Bxe4 Nxe4 14. Nxe4 Nf6 15. Rfe1 Bxe4 16. Rxe4 Nxe4 17. Qxe4 Bf6 18. Rd1 Rad8 19. Ba3 Rfe8 20. g3 cxd4 21. Bb2 e5 22. Rd3 Qc5 23. Nh4 Bxh4 24. gxh4 Re6 25. Bc1 Qc6 26. Qf5 Rg6+ 27. Rg3 Rxg3+ 28. hxg3 e4 29. Qg4 d3 30. Bd2 Re8 31. Kh2 Qe6 32. Qf4 f5 33. Qe3 Qe5 34. Qe1 Qb2 35. Qe3 Qxa2 36. b4 Qxc4 37. Kh3 Qe6 38. Kg2 Rc8 39. Kg1 Rc2 40. Qf4 Qa2 41. Qxf5 Rxd2 42. Qc8+ Kh7 43. Qf5+ Kh8 44. Qc8+ Qg8 45. Kg2 e3 46. Kf1 0-1

[Event "British Columbia op"]
[Site "Victoria CAN"]
[Date "2009.07.26"]
[Round "5"]
[White "Ho, Daniel"]
[Black "Wu, Howard"]
[Result "0-1"]
[WhiteElo "1900"]
[BlackElo "2254"]
[PlyCount "70"]
[GameId "2160767910093564"]
[EventDate "2009.07.24"]
[EventType "swiss"]
[EventRounds "5"]
[EventCountry "CAN"]
[SourceTitle "EXT 2011"]
[Source "ChessBase"]
[SourceDate "2011.11.26"]
[SourceVersion "1"]
[SourceVersionDate "2011.11.26"]
[SourceQuality "1"]

1. e4 c5 2. Nf3 Nc6 3. d4 cxd4 4. Nxd4 g6 5. Nc3 Bg7 6. Be3 Nf6 7. Bc4 O-O 8. f3 Qb6 9. Qd2 Qxb2 10. Rb1 Qa3 11. Ncb5 Qc5 12. Bd5 Nxd5 13. exd5 Nxd4 14. Nxd4 Qxd5 15. Rb5 Qc4 16. Rb4 Qxa2 17. O-O Qd5 18. c4 Qd6 19. c5 Qd5 20. Bh6 Bxh6 21. Qxh6 Qxc5 22. Qd2 e5 23. Kh1 exd4 24. Rc1 Qe5 25. Re1 Qg7 26. Rxd4 d5 27. Rxd5 Be6 28. Rd6 Rac8 29. h3 Rc6 30. Rd4 Ra6 31. Qb4 Ra2 32. Kh2 Qf6 33. Re3 Qg5 34. Rg4 Qxe3 35. Rg3 Ra1 0-1

[Event "British Columbia op"]
[Site "Victoria CAN"]
[Date "2009.07.26"]
[Round "5"]
[White "Lee, Andrew Quinton"]
[Black "Lamothe, Zachari"]
[Result "1-0"]
[WhiteElo "1675"]
[BlackElo "840"]
[PlyCount "45"]
[GameId "2160767910093565"]
[EventDate "2009.07.24"]
[EventType "swiss"]
[EventRounds "5"]
[EventCountry "CAN"]
[SourceTitle "EXT 2011"]
[Source "ChessBase"]
[SourceDate "2011.11.26"]
[SourceVersion "1"]
[SourceVersionDate "2011.11.26"]
[SourceQuality "1"]

1. d4 Nf6 2. c4 d6 3. Nc3 b6 4. e4 Bb7 5. f3 a5 6. Be3 c5 7. d5 e6 8. Qd2 a4 9. Bd3 a3 10. b3 Be7 11. O-O-O O-O 12. Nge2 Qe8 13. g4 h5 14. gxh5 Nxh5 15. Rdg1 g6 16. Bh6 Ng7 17. h4 Kh7 18. Bxg7 Kxg7 19. h5 Nd7 20. dxe6 Nf6 21. exf7 Qxf7 22. hxg6 Qg8 23. Qh6# 1-0

[Event "British Columbia op"]
[Site "Victoria CAN"]
[Date "2009.07.26"]
[Round "5"]
[White "McCleary, Reuben"]
[Black "Doknjas, John"]
[Result "0-1"]
[WhiteElo "1508"]
[BlackElo "1796"]
[PlyCount "108"]
[GameId "2160767910093566"]
[EventDate "2009.07.24"]
[EventType "swiss"]
[EventRounds "5"]
[EventCountry "CAN"]
[SourceTitle "EXT 2011"]
[Source "ChessBase"]
[SourceDate "2011.11.26"]
[SourceVersion "1"]
[SourceVersionDate "2011.11.26"]
[SourceQuality "1"]

1. e4 c5 2. c3 d6 3. d4 cxd4 4. cxd4 Nf6 5. Nc3 a6 6. Nf3 e6 7. Bg5 Be7 8. Be2 O-O 9. O-O b5 10. a3 Bd7 11. Rc1 Bc6 12. e5 dxe5 13. dxe5 Nd5 14. Bxe7 Qxe7 15. Nd4 Bb7 16. Bf3 b4 17. axb4 Nxb4 18. Qe2 N8c6 19. Rfd1 Nxd4 20. Rxd4 Nc6 21. Rd2 Qg5 22. Rcd1 Rfd8 23. Rxd8+ Rxd8 24. Rxd8+ Nxd8 25. h3 Bxf3 26. Qxf3 Qxe5 27. Qd3 Qb8 28. Qd7 h6 29. b4 Kh7 30. Qd3+ g6 31. Ne4 Qxb4 32. Nf6+ Kg7 33. Ne8+ Kf8 34. Qxd8 Qe7 35. Qxe7+ Kxe7 36. Nc7 a5 37. f4 Kd6 38. Nb5+ Kc5 39. Na3 Kb4 40. Nc2+ Kc3 41. Na3 Kb3 42. Nb5 Kb4 43. Nd4 a4 44. Kf2 Kc4 45. Nc2 Kc3 46. Na3 Kb3 47. Nb5 a3 48. Nxa3 Kxa3 49. Kf3 Kb4 50. Ke4 f6 51. g4 Kc4 52. f5 gxf5+ 53. gxf5 e5 54. h4 h5 0-1

[Event "British Columbia op"]
[Site "Victoria CAN"]
[Date "2009.07.26"]
[Round "5"]
[White "Milne, Arthur"]
[Black "Wang, Jesse BJ"]
[Result "1/2-1/2"]
[WhiteElo "1852"]
[BlackElo "2006"]
[PlyCount "82"]
[GameId "2160767910093568"]
[EventDate "2009.07.24"]
[EventType "swiss"]
[EventRounds "5"]
[EventCountry "CAN"]

1. Nf3 d5 2. c4 c6 3. g3 Nf6 4. Bg2 g6 5. b3 Bg7 6. Bb2 Qb6 7. Qc1 dxc4 8. Qxc4 Be6 9. Qc1 Nbd7 10. O-O O-O 11. Na3 h6 12. Nc4 Qc7 13. d3 Nb6 14. Be5 Qd7 15. Rd1 Bh3 16. Bh1 Nxc4 17. bxc4 Qe6 18. Qb2 Bg4 19. Rab1 b6 20. Bc3 Bxf3 21. Bxf3 Rac8 22. a4 Rb8 23. Be5 Rb7 24. Qc3 Nh5 25. Bxg7 Nxg7 26. Rb2 Qd6 27. Rdb1 Ne6 28. a5 Rfb8 29. axb6 Rxb6 30. Rxb6 axb6 31. e3 b5 32. cxb5 cxb5 33. d4 b4 34. Qc4 Nc7 35. h4 e6 36. e4 Qb6 37. h5 g5 38. Bd1 Ne8 39. e5 Ng7 40. g4 Qb5 41. Qxb5 Rxb5 1/2-1/2

[Event "British Columbia op"]
[Site "Victoria CAN"]
[Date "2009.07.26"]
[Round "5"]
[White "Milonas, Nikolas"]
[Black "Parker, Brian"]
[Result "0-1"]
[WhiteElo "1290"]
[BlackElo "968"]
[PlyCount "80"]
[GameId "2160767910093569"]
[EventDate "2009.07.24"]
[EventType "swiss"]
[EventRounds "5"]
[EventCountry "CAN"]
[SourceTitle "EXT 2011"]
[Source "ChessBase"]
[SourceDate "2011.11.26"]
[SourceVersion "1"]
[SourceVersionDate "2011.11.26"]
[SourceQuality "1"]

1. e4 Nf6 2. e5 Nd5 3. c4 Nb6 4. Nc3 d6 5. Nf3 dxe5 6. Nxe5 e6 7. d4 c5 8. Qf3 Qf6 9. Qd3 Bd6 10. Ne4 Qd8 11. Nxd6+ Qxd6 12. Be3 O-O 13. f4 Nc6 14. Nf3 cxd4 15. a3 Nxc4 16. Nxd4 Nxe3 17. Qxe3 Qxd4 18. Qxd4 Nxd4 19. Bd3 f5 20. O-O h6 21. Rad1 g5 22. Bb1 Ne2+ 23. Kf2 Nxf4 24. g3 Nd5 25. Rfe1 Bd7 26. Ba2 Rae8 27. Bxd5 exd5 28. Rxd5 Rxe1 29. Kxe1 Re8+ 30. Kf2 Be6 31. Rd6 Kg7 32. Rd4 Kf6 33. h3 Rc8 34. Rd2 f4 35. g4 Rc1 36. Kg2 Ke5 37. Re2+ Kf6 38. Rd2 Kg6 39. Rf2 Bd5+ 40. Kh2 Rh1# 0-1

[Event "British Columbia op"]
[Site "Victoria CAN"]
[Date "2009.07.26"]
[Round "5"]
[White "Ozkan, Charlie"]
[Black "Sohal, Tanraj"]
[Result "0-1"]
[WhiteElo "1928"]
[BlackElo "2072"]
[PlyCount "130"]
[GameId "2160767910093570"]
[EventDate "2009.07.24"]
[EventType "swiss"]
[EventRounds "5"]
[EventCountry "CAN"]
[SourceTitle "EXT 2011"]
[Source "ChessBase"]
[SourceDate "2011.11.26"]
[SourceVersion "1"]
[SourceVersionDate "2011.11.26"]
[SourceQuality "1"]

1. c4 Nf6 2. g3 g6 3. Bg2 Bg7 4. Nf3 d6 5. d3 e5 6. Nc3 Nc6 7. Bg5 h6 8. Bxf6 Bxf6 9. Rb1 Bg7 10. b4 O-O 11. O-O Ne7 12. b5 f5 13. Qc1 Be6 14. Nd2 c6 15. Qa3 Qd7 16. bxc6 bxc6 17. Rb3 Qc7 18. Rfb1 Rab8 19. Qa6 Rxb3 20. Rxb3 Bc8 21. Qa4 Bd7 22. Qa6 Rb8 23. h3 Rxb3 24. Nxb3 e4 25. Nd1 d5 26. Qa5 Qxa5 27. Nxa5 Be6 28. Bf1 Be5 29. e3 Bc7 30. cxd5 Bxd5 31. Nc4 Bxc4 32. dxc4 Be5 33. Be2 c5 34. Kf1 Kf7 35. Ke1 Ke6 36. Kd2 Nc8 37. Nc3 Bxc3+ 38. Kxc3 Nd6 39. f3 exf3 40. Bxf3 Ke5 41. Kd3 g5 42. Bd5 Ne8 43. Bf3 Nf6 44. a4 a5 45. Bc6 g4 46. hxg4 fxg4 47. Bb7 Nh5 48. Bc8 Nxg3 49. Bxg4 h5 50. Bh3 Nf5 51. Bg2 Nh4 52. Bc6 Ng6 53. Ke2 Kf6 54. Bd5 Ne5 55. Kf2 Nd3+ 56. Kg3 Nb2 57. Kh4 Nxa4 58. Kxh5 Ke5 59. Bf3 Nb2 60. Bc6 a4 61. Bxa4 Nxa4 62. Kg4 Ke4 63. Kg3 Kxe3 64. Kg2 Nb6 65. Kf1 Kd2 0-1

[Event "British Columbia op"]
[Site "Victoria CAN"]
[Date "2009.07.26"]
[Round "5"]
[White "Parker, Dylan"]
[Black "Setiadikurnia, Sloan"]
[Result "1-0"]
[WhiteElo "1574"]
[BlackElo "692"]
[PlyCount "93"]
[GameId "2160767910093571"]
[EventDate "2009.07.24"]
[EventType "swiss"]
[EventRounds "5"]
[EventCountry "CAN"]
[SourceTitle "EXT 2011"]
[Source "ChessBase"]
[SourceDate "2011.11.26"]
[SourceVersion "1"]
[SourceVersionDate "2011.11.26"]
[SourceQuality "1"]

1. e4 c5 2. Nf3 d6 3. d4 cxd4 4. Nxd4 Nf6 5. Nc3 g6 6. Be2 Bg7 7. Be3 O-O 8. Qd2 Nc6 9. f3 Bd7 10. h4 e5 11. Ndb5 Be6 12. Nxd6 Qe7 13. Nc4 Rfd8 14. Qc1 Nh5 15. Bf2 Nf4 16. Ne3 Nxe2 17. Nxe2 Rac8 18. Nc3 Nd4 19. Ncd5 Bxd5 20. Nxd5 Nxc2+ 21. Qxc2 Rxc2 22. Nxe7+ Kf8 23. Nd5 Rdc8 24. O-O Rxb2 25. Rfc1 Rc6 26. Bxa7 Bh6 27. Rxc6 bxc6 28. Nf6 Kg7 29. Ng4 Bf4 30. Be3 Bxe3+ 31. Nxe3 Rb4 32. a4 c5 33. a5 c4 34. a6 Rb8 35. a7 Ra8 36. Nxc4 f5 37. Nb6 Rd8 38. a8=Q Rxa8 39. Rxa8 fxe4 40. fxe4 Kh6 41. Kh2 Kh5 42. Kg3 h6 43. Ra5 g5 44. Rxe5 Kg6 45. hxg5 hxg5 46. Kg4 Kf6 47. Rxg5 1-0

[Event "British Columbia op"]
[Site "Victoria CAN"]
[Date "2009.07.26"]
[Round "5"]
[White "Patterson, Roger"]
[Black "Huang, Richard"]
[Result "1/2-1/2"]
[WhiteElo "2193"]
[BlackElo "1952"]
[PlyCount "75"]
[GameId "2160767910093572"]
[EventDate "2009.07.24"]
[EventType "swiss"]
[EventRounds "5"]
[EventCountry "CAN"]
[SourceTitle "EXT 2011"]
[Source "ChessBase"]
[SourceDate "2011.11.26"]
[SourceVersion "1"]
[SourceVersionDate "2011.11.26"]
[SourceQuality "1"]

1. e4 c5 2. Nf3 e6 3. d4 cxd4 4. Nxd4 Nc6 5. Nc3 Qc7 6. Nb3 a6 7. Bd3 Nf6 8. O-O Be7 9. f4 d6 10. Qe2 O-O 11. Bd2 b6 12. g4 Bb7 13. g5 Nd7 14. Rf3 Rfe8 15. Raf1 Nf8 16. h4 d5 17. e5 Bc5+ 18. Kh2 Nd4 19. Nxd4 Bxd4 20. Nd1 Nd7 21. c3 Bc5 22. Rg3 Be7 23. Rfg1 g6 24. Nf2 Nc5 25. Bb1 h5 26. gxh6 Bxh4 27. Rg4 Bxf2 28. Qxf2 Ne4 29. Bxe4 dxe4 30. Be3 b5 31. Bc5 Kh7 32. Bd6 Qd8 33. Qg3 Rg8 34. Qe3 Bd5 35. a3 Qd7 36. Kg3 Qa7 37. Bc5 Qc7 38. Bd6 1/2-1/2

[Event "British Columbia op"]
[Site "Victoria CAN"]
[Date "2009.07.26"]
[Round "5"]
[White "Paulson, Stewart"]
[Black "Raymer, Elliot"]
[Result "1-0"]
[WhiteElo "1510"]
[BlackElo "1776"]
[PlyCount "35"]
[GameId "2160767910093573"]
[EventDate "2009.07.24"]
[EventType "swiss"]
[EventRounds "5"]
[EventCountry "CAN"]
[SourceTitle "EXT 2011"]
[Source "ChessBase"]
[SourceDate "2011.11.26"]
[SourceVersion "1"]
[SourceVersionDate "2011.11.26"]
[SourceQuality "1"]

1. d4 Nf6 2. Nf3 e6 3. Bg5 d5 4. c3 Be7 5. e3 O-O 6. Bd3 b6 7. Nbd2 Bb7 8. Ne5 Nbd7 9. h4 Nxe5 10. dxe5 Nd7 11. Bf4 f6 12. Qh5 h6 13. Qg6 Nxe5 14. Bxe5 fxe5 15. Qxe6+ Kh8 16. Qxe5 Bxh4 17. Nf3 Qf6 18. Rxh4 1-0

[Event "British Columbia op"]
[Site "Victoria CAN"]
[Date "2009.07.26"]
[Round "5"]
[White "Powell, Samantha"]
[Black "Ho, Alec"]
[Result "0-1"]
[WhiteElo "1604"]
[BlackElo "1850"]
[PlyCount "116"]
[GameId "2160767910093574"]
[EventDate "2009.07.24"]
[EventType "swiss"]
[EventRounds "5"]
[EventCountry "CAN"]
[SourceTitle "EXT 2011"]
[Source "ChessBase"]
[SourceDate "2011.11.26"]
[SourceVersion "1"]
[SourceVersionDate "2011.11.26"]
[SourceQuality "1"]

1. e4 c5 2. Nf3 Nc6 3. d4 cxd4 4. Nxd4 Nf6 5. Nc3 e5 6. Nf3 Bb4 7. Bd2 d6 8. Bd3 Bg4 9. a3 Bc5 10. Be2 Bxf3 11. Bxf3 Qb6 12. O-O Nd4 13. Na4 Qc6 14. Nxc5 dxc5 15. Re1 Rd8 16. Rb1 Nxf3+ 17. gxf3 Qe6 18. Qe2 Qh3 19. Be3 Rd6 20. Rbd1 Rc6 21. Qd3 Nd7 22. Qxd7+ Qxd7 23. Rxd7 Kxd7 24. Rd1+ Ke6 25. f4 exf4 26. Bxf4 f6 27. Re1 g5 28. Bg3 h5 29. h4 gxh4 30. Bxh4 Rg8+ 31. Kh2 Rcc8 32. c3 Rg4 33. Bg3 Rcg8 34. Kh3 Rd8 35. f3 Rg7 36. Re2 Rd3 37. Rf2 Rd1 38. Kh2 Rh7 39. Bb8 b6 40. Bf4 h4 41. Kg2 Rg7+ 42. Kh3 Rdg1 43. c4 Re1 44. Bd2 Rh1+ 45. Rh2 Rg3+ 46. Kxh4 Rxh2+ 47. Kxg3 Rxd2 48. f4 f5 49. exf5+ Kxf5 50. b4 Rd4 51. bxc5 bxc5 52. a4 a5 53. Kf3 Re4 54. Kg3 Rxf4 55. Kg2 Kg4 56. Kh2 Kf3 57. Kh3 Kf2 58. Kh2 Rh4# 0-1

[Event "British Columbia op"]
[Site "Victoria CAN"]
[Date "2009.07.26"]
[Round "5"]
[White "Raymer, Evan"]
[Black "Lo, Ryan"]
[Result "1-0"]
[WhiteElo "1903"]
[BlackElo "1615"]
[PlyCount "36"]
[GameId "2160767910093575"]
[EventDate "2009.07.24"]
[EventType "swiss"]
[EventRounds "5"]
[EventCountry "CAN"]
[SourceTitle "EXT 2011"]
[Source "ChessBase"]
[SourceDate "2011.11.26"]
[SourceVersion "1"]
[SourceVersionDate "2011.11.26"]
[SourceQuality "1"]

1. e4 c5 2. Nf3 e6 3. d4 cxd4 4. Nxd4 a6 5. Nc3 Qc7 6. Bd3 Nf6 7. O-O Be7 8. Kh1 d6 9. f4 Nbd7 10. a4 b6 11. f5 e5 12. Nb3 Bb7 13. Qf3 O-O 14. g4 Ne8 15. g5 Kh8 16. Nd5 Bxd5 17. exd5 a5 18. f6 gxf6 1-0